000
00328nam a2200133Ia 4500
008
240624s9999 xx 000 0 und d
041
_a
eng
082
_a
828 BOT
100
_a
BOTTOMORE TOM
245
_a
FRANKFURT SCHOOL AND ITS CRITICS
260
_c
2015
_a
New Delhi
_b
Routledge
300
_a
93 p.; 19 cm.
365
_c
RS
_b
31
999
_c
29507
_d
29507